Detalles MARC
| 000 -LEADER |
| campo de control de longitud fija |
02688cam a22006494i 4500 |
| 003 - IDENTIFICADOR DE NÚMERO DE CONTROL |
| campo de control |
PE-LiUPU |
| 005 - FECHA Y HORA DE LA ÚLTIMA TRANSACCIÓN |
| campo de control |
20250731180059.0 |
| 008 - DATOS DE LONGITUD FIJA--INFORMACIÓN GENERAL |
| campo de control de longitud fija |
110317s2010 sp a rb 000 0 spa d |
| 015 ## - NÚMERO DE BIBLIOGRAFÍA NACIONAL |
| Número de bibliografía nacional |
MON1103 |
| 020 ## - NÚMERO INTERNACIONAL ESTÁNDAR DEL LIBRO |
| Número Internacional Estándar del Libro |
848363628X |
| 020 ## - NÚMERO INTERNACIONAL ESTÁNDAR DEL LIBRO |
| Número Internacional Estándar del Libro |
9788483636282 |
| 035 ## - NÚMERO DE CONTROL DEL SISTEMA |
| Número de control de sistema |
(Sirsi) i9788483636282 |
| 040 ## - FUENTE DE CATALOGACIÓN |
| Centro catalogador/agencia de origen |
BNM |
| Lengua de catalogación |
spa |
| Centro/agencia transcriptor |
BNM |
| Centro/agencia modificador |
SUE |
| Centro/agencia transcriptor |
PE-LiUPU |
| Normas de descripción |
rda |
| 049 ## - FONDOS LOCALES (OCLC) |
| Biblioteca depositaria |
PRUA |
| 080 ## - NÚMERO DE LA CLASIFICACIÓN DECIMAL UNIVERSAL |
| Número de la Clasificación Decimal Universal |
532.517.2(076.5) |
| 082 ## - NÚMERO DE LA CLASIFICACIÓN DECIMAL DEWEY |
| Número de clasificación |
532.517 |
| Cutter |
A59 2011 |
| 100 ## - ENTRADA PRINCIPAL--NOMBRE DE PERSONA |
| Nombre de persona |
Andrés-Doménech, Ignacio, |
| Término indicativo de función/relación |
autor. |
| 245 00 - MENCIÓN DEL TÍTULO |
| Título |
Hidráulica del flujo en lámina libre : |
| Resto del título |
cuestiones conceptuales |
| Mención de responsabilidad, etc. |
Ignacio Andrés-Doménech, Francisco José Vallés Morán, Miguel Ángel Eguibar Galán, Eduardo Albentosa Hernández. |
| 250 ## - MENCION DE EDICION |
| Mención de edición |
Primera edición. |
| 264 ## - PRODUCCIÓN, PUBLICACIÓN, DISTRIBUCIÓN, FABRICACIÓN Y COPYRIGHT |
| Producción, publicación, distribución, fabricación y copyright |
Valencia |
| Nombre del de productor, editor, distribuidor, fabricante |
Editorial Universitat Politècnica de València |
| Fecha de producción, publicación, distribución, fabricación o copyright |
2010 |
| 300 ## - DESCRIPCIÓN FÍSICA |
| Extensión |
98 páginas : |
| Otras características físicas |
ilustraciones ; |
| Dimensiones |
24 centímetros. |
| 336 ## - TIPO DE CONTENIDO |
| Término de tipo de contenido |
text |
| Fuente |
rdacontent |
| 337 ## - TIPO DE MEDIO |
| Nombre/término del tipo de medio |
unmediated |
| Fuente |
rdamedia |
| 338 ## - TIPO DE SOPORTE |
| Nombre/término del tipo de soporte |
volume |
| Fuente |
rdacarrier |
| 505 ## - NOTA DE CONTENIDO CON FORMATO |
| Nota de contenido con formato |
Estados de flujo -- Régimes uniforme y función de capacidad hidráulica -- Régimen crítico -- Energía específica -- Régimen gradualmente variado -- Resalto hidráulico -- Desague bajo compuerta -- Cuestionrd generales. |
| 526 ## - NOTA DE INFORMACIÓN SOBRE EL PROGRAMA DE ESTUDIO |
| Nombre del programa |
Segunda Especialidad En Estadística Aplicada Para Investigación (A Distancia) |
| 526 ## - NOTA DE INFORMACIÓN SOBRE EL PROGRAMA DE ESTUDIO |
| Nombre del programa |
Segunda Especialidad En Estadística Aplicada Para Investigación |
| 526 ## - NOTA DE INFORMACIÓN SOBRE EL PROGRAMA DE ESTUDIO |
| Nombre del programa |
Odontología |
| 526 ## - NOTA DE INFORMACIÓN SOBRE EL PROGRAMA DE ESTUDIO |
| Nombre del programa |
Tecnología Médica En Terapia Física Y Rehabilitación (A Distancia) |
| 526 ## - NOTA DE INFORMACIÓN SOBRE EL PROGRAMA DE ESTUDIO |
| Nombre del programa |
Tecnología Médica En Terapia Física Y Rehabilitación (Semipresencial) |
| 526 ## - NOTA DE INFORMACIÓN SOBRE EL PROGRAMA DE ESTUDIO |
| Nombre del programa |
Tecnología Médica En Laboratorio Clínico Y Anatomía Patológica |
| 526 ## - NOTA DE INFORMACIÓN SOBRE EL PROGRAMA DE ESTUDIO |
| Nombre del programa |
Ingeniería De Ciencia De Datos E Inteligencia Artificial |
| 526 ## - NOTA DE INFORMACIÓN SOBRE EL PROGRAMA DE ESTUDIO |
| Nombre del programa |
Ingeniería Ambiental (Semipresencial) |
| 526 ## - NOTA DE INFORMACIÓN SOBRE EL PROGRAMA DE ESTUDIO |
| Nombre del programa |
Nutrición humana |
| 526 ## - NOTA DE INFORMACIÓN SOBRE EL PROGRAMA DE ESTUDIO |
| Nombre del programa |
Medicina humana |
| 526 ## - NOTA DE INFORMACIÓN SOBRE EL PROGRAMA DE ESTUDIO |
| Nombre del programa |
Ingeniería de industrias alimentarias |
| 526 ## - NOTA DE INFORMACIÓN SOBRE EL PROGRAMA DE ESTUDIO |
| Nombre del programa |
Ingeniería civil |
| 526 ## - NOTA DE INFORMACIÓN SOBRE EL PROGRAMA DE ESTUDIO |
| Nombre del programa |
Ingeniería ambiental |
| 526 ## - NOTA DE INFORMACIÓN SOBRE EL PROGRAMA DE ESTUDIO |
| Nombre del programa |
Enfermería |
| 526 ## - NOTA DE INFORMACIÓN SOBRE EL PROGRAMA DE ESTUDIO |
| Nombre del programa |
Educación secundaria, especialidad matemática e informática |
| 526 ## - NOTA DE INFORMACIÓN SOBRE EL PROGRAMA DE ESTUDIO |
| Nombre del programa |
Educación secundaria, especialidad ambiental, biología y química |
| 541 ## - NOTA DE FUENTE DE ADQUISICIÓN DIRECTA |
| -- |
0020-0000868; |
| 596 ## - |
| -- |
1 3 |
| 650 #7 - PUNTO DE ACCESO ADICIONAL DE MATERIA--TÉRMINO DE MATERIA |
| Término de materia o nombre geográfico como elemento de entrada |
Flujo laminar. |
| 650 04 - PUNTO DE ACCESO ADICIONAL DE MATERIA--TÉRMINO DE MATERIA |
| Término de materia o nombre geográfico como elemento de entrada |
Hidráulica. |
| 650 04 - PUNTO DE ACCESO ADICIONAL DE MATERIA--TÉRMINO DE MATERIA |
| Término de materia o nombre geográfico como elemento de entrada |
Ingeniería hidráulica. |
| 700 1# - ENTRADA AGREGADA--NOMBRE PERSONAL |
| Nombre de persona |
Albentosa Hernández, Eduardo, |
| Término indicativo de función/relación |
autor. |
| 700 1# - ENTRADA AGREGADA--NOMBRE PERSONAL |
| Nombre de persona |
Eguibar Galán, Miguel Ángel, |
| Término indicativo de función/relación |
autor. |
| 700 1# - ENTRADA AGREGADA--NOMBRE PERSONAL |
| Nombre de persona |
Vallés Morán, Francisco José, |
| Término indicativo de función/relación |
autor. |
| 910 ## - DATOS DE OPCIÓN DEL USUARIO (OCLC) |
| Datos de opción del usuario |
rmch |
| -- |
tqv |
| -- |
emss |
| -- |
20160725 |
| 942 ## - ELEMENTOS DE ENTRADA SECUNDARIOS (KOHA) |
| Fuente del sistema de clasificación o colocación |
Clasificación Decimal Dewey |
| Tipo de ítem Koha |
|
| 949 ## - PROCESAMIENTO DE INFORMACIÓN LOCAL (OCLC) |
| a |
532 A59 |
| w |
DEWEY |
| c |
1 |
| i |
72706 |
| l |
CCODEBUL1 |
| m |
BUL |
| p |
12.99 |
| r |
0 |
| s |
Y |
| t |
BOOK |
| u |
2016-4-14 |
| x |
INGENIERIA |
| -- |
P25 |
| 0 |
COMPRA |
| o |
.STAFF. Colección General |
| 949 ## - PROCESAMIENTO DE INFORMACIÓN LOCAL (OCLC) |
| a |
532.517 A59 2011 |
| w |
DEWEY |
| c |
1 |
| i |
FJ01255 |
| l |
CCODEBUJ1 |
| m |
BUJ |
| p |
16.92 |
| r |
0 |
| s |
Y |
| t |
BOOK |
| u |
2016-7-25 |
| x |
INGENIERIA |
| -- |
P25 |
| 0 |
COMPRA |
| o |
.STAFF. Colección General Juliaca |
| 994 ## - |
| -- |
C0 |
| -- |
PEPRU |
| 999 ## - NÚMEROS DE CONTROL DE SISTEMA (KOHA) |
| -- |
DEWEY |
| -- |
72706 |
| -- |
2018-11-8 |
| -- |
2021-11-9 |
| -- |
7 |
| -- |
CCODEBUL1 |
| -- |
BUL |
| -- |
1 |
| -- |
12.99 |
| -- |
0 |
| -- |
Y |
| -- |
BOOK |
| -- |
2016-4-14 |
| -- |
INGENIERIA |
| -- |
P25 |
| -- |
COMPRA |
| -- |
.STAFF. Colección General |
| 999 ## - NÚMEROS DE CONTROL DE SISTEMA (KOHA) |
| -- |
DEWEY |
| -- |
FJ01255 |
| -- |
2022-1-19 |
| -- |
4 |
| -- |
CCODEBUJ1 |
| -- |
BUJ |
| -- |
16.92 |
| -- |
0 |
| -- |
Y |
| -- |
BOOK |
| -- |
2016-7-25 |
| -- |
INGENIERIA |
| -- |
P25 |
| -- |
COMPRA |
| -- |
.STAFF. Colección General Juliaca |
| 980 ## - EQUIVALENCIA O REFERENCIA-CRUZADA-MENCIÓN DE SERIE--NOMBRE DE PERSONA/TÍTULO [LOCAL, CANADÁ] |
| ID del último usuario que modificó el registro |
1 |
| Nombre del último usuario que modificó el registro |
ALBERTO SANCHEZ Responsable de Automatización |